Francuskie słowa według obrazków #2 - Statystyki

Ogólne statystyki
  • Ten quiz został rozwiązany 1 115 razy
  • Średni wynik to 9 z 24
Odpowiedzi na mapie
Odpowiedzi zakodowano w zielono-czerwonej skali na mapie do tego quizu, zgodnie z poniższymi procentami.
 
Statystyki odpowiedzi
Odpowiedź % Poprawnych
Un citron
77%
Une valise
65%
Une maison
57%
Un fantôme
56%
Une pomme de terre
55%
Un serpent
48%
Du raisin
45%
Un papillon
44%
Un chapeau
43%
Un nez
39%
Un cœur
37%
Un poisson
37%
Une vache
35%
Un œil
33%
Une clé
32%
Une chaussure
29%
Une règle
28%
Un bateau
26%
Une étoile
26%
Un os
26%
Un cerf-volant
24%
Un piment
24%
Un dé
22%
Une chauve-souris
21%
Nie znaleziono quizów pasujących do podanych kryteriów
Rozkład punktacji
Procent ludzi z każdym wynikiem
Percentyl według liczby udzielonych odpowiedzi
Twoja historia wyników
Nie rozwiązałeś tego quizu